Fenoxy-a fenoxyalkylpiperidíny, farmaceutický prostriedok s ich obsahom a ich použitie ako protivírusových účinnych látok. C 07D 401/14

Bibliographic Details
Main Author: Guy, Dominic Diana (Author)
Format: Book
Language:Undetermined
PhysicalDescription:10 s.
Published: Bratislava Úrad priemyselného vlastníctva SR 1998

MARC

LEADER 00000nam a2200000 a 4500
001 vtls001365250
003 SK-MaSNL
005 20260301115207.0
008 240315sm y0 xx 0 und
035 |a SNK000318903 
040 |a SNK  |b slo  |c SNK  |e AACR2 
100 1 |a Guy, Dominic Diana  |4 aut  |9 459821 
245 1 |a Fenoxy-a fenoxyalkylpiperidíny, farmaceutický prostriedok s ich obsahom a ich použitie ako protivírusových účinnych látok. C 07D 401/14 
260 |a Bratislava  |b Úrad priemyselného vlastníctva SR  |c 1998 
300 |a 10 s. 
999 |c 721221  |d 723151 
952 |t P60, <04>, [BOOK], {604}  |a SNK  |b SNK  |y VYP  |7 0  |p 17A0194394  |o snkSK 279472  |i snkPS 331/99  |0 0  |1 0  |4 0  |d 1999-06-07  |l 0  |r 2005-01-02 00:00:00  |w 2026-02-23